| Tag |
First Indicator |
Second Indicator |
Subfields |
| LEADER |
00000cam a2200000K 4500 |
| 001 |
in00000172001 |
| 005 |
20220103135435.0 |
| 008 |
791210s1975 txu m 000 0 eng d |
| 035 |
|
|
|9 AAU1934AM
|
| 035 |
|
|
|a (OCoLC)05779213
|
| 035 |
|
|
|a (OCoLC)5779213
|
| 035 |
|
|
|a (OCoLC)ocm05779213
|
| 040 |
|
|
|a TXA
|b eng
|c TXA
|d OCL
|d OCLCQ
|d TXA
|d UtOrBLW
|
| 049 |
|
|
|a TXAM
|
| 099 |
|
|
|a 1975
|a Dissertation
|a S347
|
| 100 |
1 |
|
|a Schmedemann, Luanne.
|
| 245 |
1 |
0 |
|a Analysis of an in-service training program to improve junior and community college instruction.
|
| 264 |
|
1 |
|a [College Station, Tex.],
|c 1975.
|
| 300 |
|
|
|a 101 leaves
|
| 336 |
|
|
|a text
|b txt
|2 rdacontent
|
| 337 |
|
|
|a unmediated
|b n
|2 rdamedia
|
| 338 |
|
|
|a volume
|b nc
|2 rdacarrier
|
| 502 |
|
|
|b Ph. D. in Education (Curriculum and Instruction)
|c Texas A & M University
|
| 520 |
3 |
|
|a There were twenty-eight teaching techniques involved in this study. These techniques were studied by means of the Delphi procedures to determine their effectiveness in junior and community college instructions; by means of a survey to determine their usage in junior and community college instructions; and by means of a survey to determine their effectiveness in teaching minority students in junior and community colleges. There were two panels of respondents in this study: 1) the junior and community college instructors who participated in a summer Institute and 2) colleagues selected these participants. The participants were also surveyed regarding what techniques should be included in a future in-service program. The teaching techniques of behavioral objectives, reinforcement, higher order questions, probing questions, divergent questions, and interaction analysis were deemed highly effective by the participants' panel final mean response. A significant change of opinion regarding these techniques was indicated between rounds of the Delphi before and after Institute training. Further all of these techniques increased significantly in usage after the participants received training; and the techniques were recommended to be included in future in-service programs for junior and community college instructors. The final mean response indicated that lecture with visual aids was also a highly effective technique but no significance level was reported for the variance between rounds. Effective techniques, according to the Delphi final mean responds were: demonstration, audio-tutorial units, small group discussion, individual projects, Taba's concept formation activities, recall questions, seminar, Taba's activities to interpret data, Taba's activities to apply principles, assigned reading, individualized learning package, written reports, brainstorming, assigned listening, panel discussion and buzz groups. Of these, activities to interpret data, activities to apply principles, assigned reading, written reports, brainstorming, and buzz groups were found to have a significant variance between rounds indicating a change of opinion after training..
|
| 650 |
|
4 |
|a Education (Curriculum and Instruction)
|
| 655 |
|
7 |
|a Academic theses.
|2 lcgft
|0 http://id.loc.gov/authorities/genreForms/gf2014026039
|
| 700 |
1 |
|
|a Barker, Donald,
|e degree committee member.
|0 http://id.loc.gov/authorities/names/no2008023707
|
| 700 |
1 |
|
|a Campbell, Jack,
|e degree committee member.
|
| 700 |
1 |
|
|a Johnson, Glenn,
|e degree supervisor.
|0 http://id.loc.gov/authorities/names/no99023604
|
| 700 |
1 |
|
|a Varvell, Walter,
|e degree committee member.
|
| 710 |
2 |
|
|a Texas A & M University,
|e degree granting institution.
|0 http://id.loc.gov/authorities/names/n80125885
|
| 856 |
4 |
1 |
|u http://proxy.library.tamu.edu/login?url=http://proquest.umi.com/pqdweb?did=756422221&sid=1&Fmt=1&clientId=2945&RQT=309&VName=PQD
|z Link to ProQuest copy
|t 0
|
| 856 |
4 |
1 |
|u https://hdl.handle.net/1969.1/DISSERTATIONS-184414
|z Link to OAKTrust copy
|t 0
|
| 994 |
|
|
|a C0
|b TXA
|
| 999 |
f |
f |
|s 048f0ec7-add1-3337-8e0c-2b8950d909ae
|i 7f6e60ba-96a0-3f53-885f-6efbe764d880
|t 0
|
| 952 |
f |
f |
|p noncirc
|a Texas A&M University
|b J.J. Pickle Campus
|c High Density Repository
|s HDR
|d Remote Storage
|t 0
|e 1975 Dissertation S347
|h Other scheme
|i unmediated -- volume
|m A14840970941
|
| 952 |
f |
f |
|a Texas A&M University
|b College Station
|c Electronic Resources
|s www_evans
|d Available Online
|t 0
|e 1975 Dissertation S347
|h Other scheme
|
| 998 |
f |
f |
|a 1975 Dissertation S347
|t 0
|l Remote Storage
|
| 998 |
f |
f |
|a 1975 Dissertation S347
|t 0
|l Available Online
|